Managing the construction process
Na minha lista:
| Autor principal: | |
|---|---|
| Formato: | Livro |
| Idioma: | Undetermined |
| Publicado em: |
New jersey
Pearson Education, Inc.
2005
|
| Assuntos: | |
| Tags: |
Adicionar Tag
Sem tags, seja o primeiro a adicionar uma tag!
|
| Thư viện lưu trữ: | Trung tâm Học liệu Trường Đại học Cần Thơ |
|---|
| LEADER | 00558nam a2200205Ia 4500 | ||
|---|---|---|---|
| 001 | CTU_93930 | ||
| 008 | 210402s9999 xx 000 0 und d | ||
| 020 | |c 1356000 | ||
| 082 | |a 690 | ||
| 082 | |b G696 | ||
| 100 | |a Gould, Frederick E. | ||
| 245 | 0 | |a Managing the construction process | |
| 245 | 0 | |c Frederick E. Gould, Project Control | |
| 260 | |a New jersey | ||
| 260 | |b Pearson Education, Inc. | ||
| 260 | |c 2005 | ||
| 650 | |a Building | ||
| 650 | |x Superintendence | ||
| 904 | |i Tuyến | ||
| 980 | |a Trung tâm Học liệu Trường Đại học Cần Thơ | ||